Sink the World by Guessing Countries - Statistics

General Stats
  • This quiz has been taken 1,056 times
  • The average score is 110 of 196
Answers on the Map
Answers color-coded by a green-red scale on the quiz's map according to % correct below.
 
Answer Stats
Country % Correct
United States
93%
Russia
91%
Canada
90%
China
88%
Mexico
88%
United Kingdom
87%
Brazil
86%
France
84%
India
83%
Australia
82%
Argentina
81%
Denmark
81%
Spain
81%
Chile
79%
Finland
79%
Norway
79%
Italy
78%
Japan
78%
Sweden
78%
Iceland
77%
Germany
76%
Egypt
75%
Peru
75%
Iran
74%
Ireland
74%
Turkey
74%
Mongolia
73%
Portugal
73%
Saudi Arabia
72%
Bolivia
71%
Cuba
71%
Iraq
71%
South Africa
71%
Ukraine
71%
Algeria
70%
Indonesia
70%
Poland
70%
Colombia
69%
North Korea
68%
Uruguay
68%
Venezuela
68%
Ecuador
67%
Kazakhstan
67%
Madagascar
67%
Morocco
67%
New Zealand
67%
Pakistan
67%
Paraguay
67%
Democratic Republic of the Congo
66%
Niger
66%
South Korea
66%
Sudan
66%
Libya
65%
Oman
65%
Panama
65%
Yemen
65%
Greece
64%
Chad
63%
Dominican Republic
63%
Austria
62%
Guyana
62%
Netherlands
62%
Thailand
62%
Afghanistan
61%
Belarus
61%
Estonia
61%
Nigeria
61%
Belgium
60%
Latvia
60%
Lithuania
60%
Suriname
60%
Bahamas
59%
Ethiopia
59%
Guatemala
59%
Haiti
59%
Mali
59%
Philippines
59%
Republic of the Congo
59%
Romania
59%
United Arab Emirates
59%
Vietnam
59%
Laos
58%
Somalia
58%
Costa Rica
57%
El Salvador
57%
Jamaica
57%
Nicaragua
57%
Papua New Guinea
57%
Belize
56%
Honduras
56%
Israel
56%
Malaysia
56%
Switzerland
56%
Croatia
55%
Kenya
55%
Myanmar
55%
Syria
55%
Tunisia
55%
Czech Republic
54%
Nepal
54%
Slovakia
54%
South Sudan
54%
Angola
53%
Bulgaria
53%
Cambodia
53%
Hungary
53%
Serbia
53%
Slovenia
53%
Uzbekistan
53%
Albania
52%
Jordan
52%
Turkmenistan
52%
Dominica
51%
Armenia
50%
Bhutan
50%
Central African Republic
50%
Malta
50%
Mauritania
50%
Qatar
50%
Bangladesh
49%
Bosnia and Herzegovina
49%
Cyprus
49%
Georgia
49%
Luxembourg
49%
Moldova
49%
Namibia
49%
Sri Lanka
49%
Taiwan
49%
Vatican City
49%
Azerbaijan
48%
Ghana
48%
Kosovo
48%
Tanzania
48%
Andorra
47%
Fiji
47%
Kuwait
46%
Lebanon
46%
Maldives
46%
Mozambique
46%
North Macedonia
46%
San Marino
46%
Tajikistan
46%
Togo
46%
Zambia
46%
Zimbabwe
46%
Botswana
45%
Kyrgyzstan
45%
Eritrea
44%
Guinea
44%
Lesotho
44%
Monaco
44%
Montenegro
44%
Senegal
44%
Trinidad and Tobago
44%
Uganda
44%
Bahrain
43%
Benin
43%
Cameroon
43%
Liechtenstein
43%
Saint Kitts and Nevis
43%
Saint Lucia
43%
Barbados
42%
Cape Verde
42%
Grenada
42%
Kiribati
42%
Federated States of Micronesia
41%
Mauritius
41%
Palau
41%
Saint Vincent and the Grenadines
41%
Seychelles
41%
Tonga
41%
Antigua and Barbuda
40%
Brunei
40%
Ivory Coast
40%
Liberia
40%
Malawi
40%
Nauru
40%
Samoa
40%
Singapore
40%
Comoros
39%
East Timor
39%
Eswatini
39%
Gabon
39%
Rwanda
39%
Solomon Islands
39%
Tuvalu
39%
Burkina Faso
38%
Djibouti
38%
Gambia
38%
Marshall Islands
38%
Sierra Leone
37%
Vanuatu
37%
Burundi
36%
São Tomé and Príncipe
36%
Guinea-Bissau
35%
Equatorial Guinea
32%
No matching quizzes found
Score Distribution
Percent of People with Each Score
Percentile by Number Answered
Your Score History
You have not taken this quiz